000 00638nam a2200241 a 4500
001 nice12345678
003 IN_TiNIC
005 20260116011740.0
008 050524s1961 hyda grp 000 0 urd
020 _a
_c100
082 0 0 _a297.409
_bQAT
100 _aQateel, Abdul Hafeez
245 _aNiranji Khudanuma Ke Halaat Awr Adabi Khidmaat
260 _aHyderabad
_bMarkazi Anjuman Taleemus Salat
_c1961
300 _a130p
500 _aincludes index and biblioraphy
505 2 _aBibliography, Index
650 _aSufism-Hagiography
700 1 _aQateel, Abdul Hafeez
902 _bSRS
942 _cBK
999 _c3673
_d3673